| 000 | 01608pam a2200397 i 4500 | ||
|---|---|---|---|
| 999 |
_c544 _d544 |
||
| 001 | 019512027 | ||
| 003 | UkOxU | ||
| 005 | 20190821093511.0 | ||
| 008 | 120418s2013 enka j b 001 0 eng d | ||
| 015 |
_aGBB272656 _2bnb |
||
| 020 |
_a9781406250329 _qpbk. |
||
| 035 | _a(Uk)016131259 | ||
| 035 | _a(StEdALDL)1/2848093 | ||
| 040 |
_aStDuBDS _beng _erda _cStDuBDS _dUkOxU |
||
| 042 | _aukscp | ||
| 049 | _aCROBAR | ||
| 082 | 0 | 4 |
_a155 CLA _223 |
| 100 | 1 |
_aClaybourne, Anna, _eauthor. |
|
| 245 | 1 | 0 |
_aMental development : _bfrom birth to old age / _cAnna Claybourne. |
| 264 | 1 |
_aLondon : _bRaintree, _c2014. |
|
| 300 |
_a64 pages : _billustrations (chiefly colour) ; _c26 cm |
||
| 336 |
_atext _2rdacontent |
||
| 336 |
_astill image _2rdacontent |
||
| 337 |
_aunmediated _2rdamedia |
||
| 338 |
_avolume _2rdacarrier |
||
| 490 | 1 | _aYour body for life | |
| 500 | _aConsultant, Ann Fullick. | ||
| 504 | _aIncludes bibliographical references (page 62) and index. | ||
| 520 | _aThis thought-provoking series looks at how our bodies change as we grow and get older, and how that affects the way we live and the things we need. This book explains how our brain is the body part that makes our mind work. Our brain and mind develop as we grow up, being affected by the things we experience from talking and playing, to learning and risky behaviour. | ||
| 650 | 0 |
_aDevelopmental psychology _vJuvenile literature. |
|
| 650 | 0 |
_aBrain _vJuvenile literature. |
|
| 700 | 1 |
_aFullick, Ann, _d1956- |
|
| 830 | 0 | _aYour body for life (London, England) | |
| 942 |
_2ddc _cNFIC |
||